| Tag |
First Indicator |
Second Indicator |
Subfields |
| LEADER |
00000cam a22000001a 4500 |
| 001 |
in00003142313 |
| 005 |
20190403171901.0 |
| 006 |
m o d |
| 007 |
cr un mmmapmmp |
| 008 |
080121s1940 dcud o f000 0 eng d |
| 035 |
|
|
|a cis2004209279
|
| 040 |
|
|
|a UMI
|c UMI
|d UtOrBLW
|
| 043 |
|
|
|a n-us---
|
| 099 |
|
|
|a ProQuest Serial Set Number 10501 H.doc.591
|
| 110 |
1 |
|
|a United States.
|b Congress.
|b House.
|b Committee on Appropriations.
|
| 245 |
1 |
0 |
|a Supplemental estimates of appropriations, Department of the Interior, 1940, together with draft of proposed provisions pertaining to appropriations, Alaska Railroad, 1939. Communication from the President of the United States transmitting supplemental estimates of appropriations for the Department of the Interior for the fiscal year 1940, amounting to $16,017,000, together with draft of a proposed provision pertaining to the appropriations for the Alaska Railroad.
|
| 246 |
1 |
|
|a Estimates for Reclamation Bureau and proposed provision pertaining to appropriations for Alaska Railroad
|
| 264 |
|
1 |
|a Washington :
|b [publisher not identified],
|c 1940.
|
| 300 |
|
|
|a 1 online resource.
|
| 336 |
|
|
|a text
|b txt
|2 rdacontent
|
| 337 |
|
|
|a computer
|b c
|2 rdamedia
|
| 338 |
|
|
|a online resource
|b cr
|2 rdacarrier
|
| 490 |
0 |
|
|a H.doc.591
|
| 500 |
|
|
|a Record is based on bibliographic data in ProQuest U.S. Serial Set Digital Collection (last viewed Jan. 2008). Reuse except for individual research requires license from ProQuest, LLC.
|
| 510 |
3 |
|
|a ProQuest U.S. Serial Set Digital Collection
|
| 500 |
|
|
|a Electronic resource.
|
| 610 |
2 |
0 |
|a Alaska Railroad.
|
| 650 |
|
0 |
|a Budget
|z United States.
|
| 650 |
|
0 |
|a Railroads.
|
| 655 |
|
7 |
|a Electronic books.
|2 local
|
| 710 |
2 |
|
|a ProQuest (Firm)
|
| 830 |
|
0 |
|a United States congressional serial set.
|
| 856 |
4 |
0 |
|u http://proxy.library.tamu.edu/login?url=http://congressional.proquest.com/congcomp/getdoc?SERIAL-SET-ID=10501+H.doc.591
|z Connect to the full text of this electronic book
|t 0
|
| 999 |
|
|
|a MARS
|
| 999 |
f |
f |
|s 5abcbc76-abf3-3a27-bf04-487c0101e155
|i db1c4a04-9f94-39b0-93f1-b5fcf96fbf62
|t 0
|
| 952 |
f |
f |
|a Texas A&M University
|b College Station
|c Electronic Resources
|d Available Online
|t 0
|e ProQuest Serial Set Number 10501 H.doc.591
|h Other scheme
|
| 998 |
f |
f |
|a ProQuest Serial Set Number 10501 H.doc.591
|t 0
|l Available Online
|